000 00268nam a2200109 a 4500
005 20140412111425.0
008 080201s19uu xx 00 eng d
050 _aER
_bAt1 1981
245 _aAt the table.
260 _aHoland :
_bPrice/ stern,
_c1981.
999 _c106184
_d106184